[Event "European Senior Team Championship 2021"]
[Site "Don Giovanni hotel, Vinohradska 2733, Prague, Czech Republic"]
[Date "2021.09.03"]
[Round "5"]
[Board "1"]
[White "Gruenfeld, Yehuda"]
[Black "Meduna, Eduard"]
[Result "1-0"]
[WhiteElo "2397"]
[BlackElo "2352"]
[PlyCount "0"]
[EventDate "2021.08.30"]
[EventType "team"]
[EventRounds "9"]
[EventCountry "ECX"]
[WhiteTeam "ISRAEL 1"]
[BlackTeam "LYSA NAD LABEM - 100 LET"]

1. e4 c6 {[%clk 1:24:53]} 2. d4 {[%clk 1:31:10]} d5 {[%clk 1:25:11]} 3. Nc3
{[%clk 1:31:29]} dxe4 {[%clk 1:25:23]} 4. Nxe4 {[%clk 1:31:52]} Nd7
{[%clk 1:25:39]} 5. Ng5 {[%clk 1:31:49]} Ngf6 {[%clk 1:25:36]} 6. Bd3
{[%clk 1:31:57]} e6 {[%clk 1:25:44]} 7. N1f3 {[%clk 1:32:18]} Bd6
{[%clk 1:25:49]} 8. Qe2 {[%clk 1:32:40]} h6 {[%clk 1:25:43]} 9. Ne4
{[%clk 1:33:05]} Nxe4 {[%clk 1:25:56]} 10. Qxe4 {[%clk 1:33:32]} Qc7
{[%clk 1:25:57]} 11. O-O {[%clk 1:32:39]} b6 {[%clk 1:25:17]} 12. Qg4
{[%clk 1:32:36]} Kf8 {[%clk 1:24:54]} 13. b3 {[%clk 1:32:34]} Nf6
{[%clk 1:21:31]} 14. Qh4 {[%clk 1:29:32]} Bb7 {[%clk 1:17:38]} 15. Bb2
{[%clk 1:27:28]} Qe7 {[%clk 1:17:16]} 16. Ne5 {[%clk 1:19:31]} Bxe5
{[%clk 1:08:50]} 17. dxe5 {[%clk 1:19:53]} Nd5 {[%clk 1:08:51]} 18. Qg3
{[%clk 1:16:51]} c5 {[%clk 1:02:46]} 19. Be4 {[%clk 1:14:40]} Nb4
{[%clk 1:02:36]} 20. Qf3 {[%clk 1:14:39]} Bxe4 {[%clk 1:00:28]} 21. Qxe4
{[%clk 1:14:51]} Rc8 {[%clk 0:59:30]} 22. Rfd1 {[%clk 1:13:21]} g6
{[%clk 0:57:04]} 23. a3 {[%clk 1:07:47]} Na6 {[%clk 0:56:46]} 24. c4
{[%clk 1:06:35]} Kg7 {[%clk 0:56:44]} 25. Rd6 {[%clk 1:06:58]} Nb8
{[%clk 0:56:04]} 26. Rad1 {[%clk 1:05:39]} h5 {[%clk 0:51:19]} 27. h4
{[%clk 1:04:20]} Rhd8 {[%clk 0:48:15]} 28. Bc1 {[%clk 1:00:37]} Rxd6
{[%clk 0:44:42]} 29. exd6 {[%clk 0:58:58]} Qf8 {[%clk 0:44:57]} 30. Bg5
{[%clk 0:54:16]} Nd7 {[%clk 0:40:07]} 31. Be7 {[%clk 0:53:57]} Qe8
{[%clk 0:38:34]} 32. Rd3 {[%clk 0:46:59]} e5 {[%clk 0:36:16]} 33. g4
{[%clk 0:41:31]} hxg4 {[%clk 0:35:38]} 34. Qxg4 {[%clk 0:41:56]} f5
{[%clk 0:34:08]} 35. Qg2 {[%clk 0:40:04]} e4 {[%clk 0:22:52]} 36. Rg3
{[%clk 0:37:12]} Qf7 {[%clk 0:22:23]} 37. h5 {[%clk 0:32:28]} Rg8 38. Rxg6+
{[%clk 0:28:03]} Kh7 {[%clk 0:21:47]} 39. Rxg8 {[%clk 0:28:31]} Qxg8
{[%clk 0:21:43]} 40. Qxg8+ {[%clk 0:28:57]} Kxg8 {[%clk 0:22:11]} 41. f3
{[%clk 0:29:01]} Kg7 {[%clk 0:13:22]} 42. Bg5 {[%clk 0:28:25]}  1-0

[Event "European Senior Team Championship 2021"]
[Site "Don Giovanni hotel, Vinohradska 2733, Prague, Czech Republic"]
[Date "2021.09.03"]
[Round "5"]
[Board "2"]
[White "Hausner, Ivan"]
[Black "Birnboim, Nathan"]
[Result "1/2-1/2"]
[WhiteElo "2336"]
[BlackElo "2375"]
[PlyCount "0"]
[EventDate "2021.08.30"]
[EventType "team"]
[EventRounds "9"]
[EventCountry "ECX"]
[WhiteTeam "LYSA NAD LABEM - 100 LET"]
[BlackTeam "ISRAEL 1"]

1. d4 {[%clk 1:30:58]} Nf6 {[%clk 1:30:36]} 2. c4 {[%clk 1:31:22]} g6
{[%clk 1:30:52]} 3. Nc3 {[%clk 1:31:45]} d5 {[%clk 1:31:12]} 4. cxd5
{[%clk 1:32:09]} Nxd5 {[%clk 1:31:34]} 5. g3 {[%clk 1:32:36]} Bg7
{[%clk 1:29:25]} 6. Bg2 {[%clk 1:33:00]} Nxc3 {[%clk 1:28:16]} 7. bxc3
{[%clk 1:33:25]} c5 {[%clk 1:23:23]} 8. e3 {[%clk 1:33:50]} Qa5 {[%clk 1:19:09]}
9. Bd2 {[%clk 1:34:07]} O-O {[%clk 1:18:57]} 10. Ne2 {[%clk 1:34:30]} Nc6
{[%clk 1:16:43]} 11. O-O {[%clk 1:34:49]} Qc7 {[%clk 0:59:46]} 12. Rc1
{[%clk 1:29:17]} Bg4 {[%clk 0:51:43]} 13. h3 {[%clk 1:29:25]} Bd7
{[%clk 0:51:59]} 14. e4 {[%clk 1:24:08]} Na5 {[%clk 0:50:14]} 15. Bf4
{[%clk 1:24:10]} Qc8 {[%clk 0:50:34]} 16. Kh2 {[%clk 1:24:27]} Nc4
{[%clk 0:46:31]} 17. Qb3 {[%clk 1:19:31]} e5 {[%clk 0:46:08]} 18. Qxc4
{[%clk 1:16:10]} exf4 {[%clk 0:46:33]} 19. Nxf4 {[%clk 1:16:12]} cxd4
{[%clk 0:46:49]} 20. Qxc8 {[%clk 1:16:32]} Bxc8 {[%clk 0:35:22]} 21. cxd4
{[%clk 1:16:54]} Bxd4 {[%clk 0:35:44]} 22. Rc2 {[%clk 1:14:20]} b6
{[%clk 0:31:05]} 23. Rd1 {[%clk 1:14:24]} Bc5 {[%clk 0:31:14]} 24. Nd5
{[%clk 1:12:34]} Kg7 {[%clk 0:28:58]} 25. f4 {[%clk 1:11:31]} Rd8
{[%clk 0:26:42]} 26. Rcd2 {[%clk 1:11:43]} Bb7 {[%clk 0:25:45]} 27. e5
{[%clk 1:11:34]} Rab8 {[%clk 0:24:20]} 28. Nf6 {[%clk 1:11:12]} Rxd2
{[%clk 0:23:51]} 29. Rxd2 {[%clk 1:11:38]} Bxg2 {[%clk 0:23:13]} 30. Kxg2
{[%clk 1:12:04]} Be7 {[%clk 0:21:45]} 31. Rd7 {[%clk 1:12:03]} Bxf6
{[%clk 0:21:57]}  1/2-1/2

[Event "European Senior Team Championship 2021"]
[Site "Don Giovanni hotel, Vinohradska 2733, Prague, Czech Republic"]
[Date "2021.09.03"]
[Round "5"]
[Board "3"]
[White "Berkovich, Mark A"]
[Black "Neckar, Lubomir"]
[Result "1/2-1/2"]
[WhiteElo "2323"]
[BlackElo "2274"]
[PlyCount "0"]
[EventDate "2021.08.30"]
[EventType "team"]
[EventRounds "9"]
[EventCountry "ECX"]
[WhiteTeam "ISRAEL 1"]
[BlackTeam "LYSA NAD LABEM - 100 LET"]

1. e4 {[%clk 1:30:55]} Nf6 {[%clk 1:30:40]} 2. e5 {[%clk 1:31:20]} Nd5
{[%clk 1:31:07]} 3. Nc3 {[%clk 1:31:43]} Nxc3 {[%clk 1:29:54]} 4. dxc3
{[%clk 1:31:56]} d6 {[%clk 1:29:48]} 5. Nf3 {[%clk 1:31:44]} Nc6 {[%clk 1:25:51]}
6. Bb5 {[%clk 1:26:04]} Bd7 {[%clk 1:18:34]} 7. Qe2 {[%clk 1:13:20]} Nxe5
{[%clk 0:59:47]} 8. Nxe5 {[%clk 1:13:17]} dxe5 {[%clk 1:00:12]} 9. Qxe5
{[%clk 1:12:14]} f6 {[%clk 0:58:47]} 10. Qe2 {[%clk 1:12:12]} e5 {[%clk 0:59:06]}
11. Be3 {[%clk 1:06:29]} Bd6 {[%clk 0:58:27]} 12. O-O-O {[%clk 1:06:03]} O-O
{[%clk 0:55:14]} 13. Bc5 {[%clk 1:02:12]} Be6 {[%clk 0:52:14]} 14. Bc4
{[%clk 0:58:09]} Qe7 {[%clk 0:52:06]} 15. Bxd6 {[%clk 0:58:33]} cxd6
{[%clk 0:52:32]} 16. Bd5 {[%clk 0:58:28]} Rac8 {[%clk 0:51:40]} 17. Rd3
{[%clk 0:49:47]} Rc5 {[%clk 0:48:05]} 18. Rhd1 {[%clk 0:47:51]} Rxd5
{[%clk 0:47:29]} 19. Rxd5 {[%clk 0:48:10]} Bxd5 {[%clk 0:47:55]} 20. Rxd5
{[%clk 0:48:32]} Rc8 {[%clk 0:46:39]} 21. Qd3 {[%clk 0:46:28]} Rc6
{[%clk 0:45:36]} 22. c4 {[%clk 0:46:39]} g6 {[%clk 0:37:57]} 23. b4
{[%clk 0:42:40]} b6 {[%clk 0:31:45]} 24. b5 {[%clk 0:38:30]} Rc7 {[%clk 0:32:03]}
25. Rxd6 {[%clk 0:38:52]} Kg7 {[%clk 0:32:21]} 26. Kb2 {[%clk 0:35:31]} f5
{[%clk 0:30:02]} 27. Kb3 {[%clk 0:33:19]} Qh4 {[%clk 0:27:24]} 28. Rc6
{[%clk 0:23:29]} Rf7 {[%clk 0:26:41]} 29. Qg3 {[%clk 0:16:46]} Qe4
{[%clk 0:20:59]} 30. Re6 {[%clk 0:09:22]} f4 {[%clk 0:21:15]} 31. Qf3
{[%clk 0:08:47]} Qe1 {[%clk 0:20:04]} 32. Qc3 {[%clk 0:06:20]} Qxf2
{[%clk 0:20:12]} 33. Rxe5 {[%clk 0:06:19]} Kh6 {[%clk 0:20:14]} 34. Qh3+
{[%clk 0:05:35]} Kg7 {[%clk 0:20:33]} 35. Qc3 {[%clk 0:05:59]} Kh6
{[%clk 0:20:59]} 36. Qh3+ {[%clk 0:05:25]} Kg7 {[%clk 0:20:28]} 37. Qc3
{[%clk 0:03:53]}  1/2-1/2

[Event "European Senior Team Championship 2021"]
[Site "Don Giovanni hotel, Vinohradska 2733, Prague, Czech Republic"]
[Date "2021.09.03"]
[Round "5"]
[Board "4"]
[White "Spacek, Petr"]
[Black "Kagan, Shimon"]
[Result "1/2-1/2"]
[WhiteElo "2318"]
[BlackElo "2292"]
[PlyCount "0"]
[EventDate "2021.08.30"]
[EventType "team"]
[EventRounds "9"]
[EventCountry "ECX"]
[WhiteTeam "LYSA NAD LABEM - 100 LET"]
[BlackTeam "ISRAEL 1"]

1. d4 {[%clk 1:30:56]} Nf6 {[%clk 1:30:46]} 2. c4 {[%clk 1:31:09]} g6
{[%clk 1:31:06]} 3. Nc3 {[%clk 1:31:28]} Bg7 {[%clk 1:31:28]} 4. e4
{[%clk 1:31:14]} d6 {[%clk 1:31:48]} 5. h3 {[%clk 1:30:55]} Nbd7 {[%clk 1:31:27]}
6. Nf3 {[%clk 1:29:30]} O-O {[%clk 1:30:44]} 7. Be3 {[%clk 1:29:20]} e5
{[%clk 1:30:23]} 8. d5 {[%clk 1:29:01]} Nc5 {[%clk 1:29:34]} 9. Nd2
{[%clk 1:27:49]} a5 {[%clk 1:29:21]} 10. Be2 {[%clk 1:20:31]} Ne8
{[%clk 1:26:23]} 11. O-O {[%clk 1:19:10]} f5 {[%clk 1:25:14]} 12. exf5
{[%clk 1:18:49]} gxf5 {[%clk 1:20:27]} 13. f4 {[%clk 1:18:46]} exf4
{[%clk 1:16:36]} 14. Bxf4 {[%clk 1:18:41]} Nf6 {[%clk 1:16:13]} 15. Qc2
{[%clk 1:05:20]} Bd7 {[%clk 1:13:46]} 16. Rae1 {[%clk 1:04:19]} Qe8
{[%clk 1:09:23]} 17. Nf3 {[%clk 0:51:47]} Nh5 {[%clk 1:00:39]} 18. Bd1
{[%clk 0:49:46]} Qg6 {[%clk 0:50:54]} 19. Nh4 {[%clk 0:48:55]} Qf6
{[%clk 0:50:51]} 20. Bxh5 {[%clk 0:47:57]} Qxh4 {[%clk 0:50:00]} 21. Qd1
{[%clk 0:41:33]} Be8 {[%clk 0:43:40]} 22. Bxe8 {[%clk 0:39:27]} Raxe8
{[%clk 0:43:58]} 23. Rxe8 {[%clk 0:34:54]} Rxe8 {[%clk 0:44:18]} 24. Qf3
{[%clk 0:34:40]} Re1 {[%clk 0:38:44]} 25. Nb5 {[%clk 0:32:30]} Qe7
{[%clk 0:33:32]} 26. b3 {[%clk 0:30:54]} Rxf1+ {[%clk 0:32:26]} 27. Kxf1
{[%clk 0:29:03]} Ne4 {[%clk 0:31:33]} 28. Qe3 {[%clk 0:27:28]} Be5
{[%clk 0:29:32]} 29. Kg1 {[%clk 0:24:32]} Qf6 {[%clk 0:21:13]} 30. Bxe5
{[%clk 0:23:27]} Qxe5 {[%clk 0:21:25]} 31. Qa7 {[%clk 0:20:33]} Qa1+
{[%clk 0:20:46]} 32. Kh2 {[%clk 0:21:01]} Qe5+  1/2-1/2

[Event "European Senior Team Championship 2021"]
[Site "Don Giovanni hotel, Vinohradska 2733, Prague, Czech Republic"]
[Date "2021.09.03"]
[Round "5"]
[Board "1"]
[White "Huss, Andreas"]
[Black "Knaak, Rainer"]
[Result "0-1"]
[WhiteElo "2249"]
[BlackElo "2476"]
[PlyCount "0"]
[EventDate "2021.08.30"]
[EventType "team"]
[EventRounds "9"]
[EventCountry "ECX"]
[WhiteTeam "SWITZERLAND"]
[BlackTeam "LASKER SCHACHSTIFTUNG GK"]

1. d4 {[%clk 1:27:43]} e6 {[%clk 1:30:42]} 2. Nf3 {[%clk 1:26:35]} f5
{[%clk 1:30:43]} 3. Bg5 {[%clk 1:26:38]} Nf6 {[%clk 1:30:47]} 4. Nbd2
{[%clk 1:26:32]} Be7 {[%clk 1:30:36]} 5. Bxf6 {[%clk 1:26:25]} Bxf6
{[%clk 1:30:57]} 6. e4 {[%clk 1:26:20]} O-O {[%clk 1:30:56]} 7. Bd3
{[%clk 1:25:16]} d5 {[%clk 1:30:59]} 8. exf5 {[%clk 1:22:32]} exf5
{[%clk 1:31:21]} 9. O-O {[%clk 1:22:36]} Nc6 {[%clk 1:31:11]} 10. c3
{[%clk 1:22:10]} Qd6 {[%clk 1:31:20]} 11. Qc2 {[%clk 1:20:44]} g6
{[%clk 1:18:47]} 12. Rae1 {[%clk 1:17:49]} Bd7 {[%clk 1:18:32]} 13. b4
{[%clk 1:11:44]} Rae8 {[%clk 1:15:45]} 14. Nb3 {[%clk 0:59:08]} b6
{[%clk 1:15:30]} 15. b5 {[%clk 0:53:22]} Nd8 {[%clk 1:15:24]} 16. c4
{[%clk 0:52:29]} c6 {[%clk 1:00:36]} 17. c5 {[%clk 0:37:58]} Qf4 {[%clk 0:47:34]}
18. a4 {[%clk 0:35:51]} Rxe1 {[%clk 0:43:58]} 19. Rxe1 {[%clk 0:36:11]} Re8
{[%clk 0:44:21]} 20. Rxe8+ {[%clk 0:35:43]} Bxe8 {[%clk 0:44:46]} 21. Qe2
{[%clk 0:35:23]} Kf8 {[%clk 0:43:41]} 22. g3 {[%clk 0:34:46]} Qc7
{[%clk 0:41:59]} 23. Qe3 {[%clk 0:33:05]} Bd7 {[%clk 0:30:03]} 24. Qh6+
{[%clk 0:21:01]} Kg8 {[%clk 0:30:05]} 25. Ng5 {[%clk 0:21:03]} Be8
{[%clk 0:28:38]} 26. h4 {[%clk 0:09:43]} Qe7 {[%clk 0:18:10]} 27. Kg2
{[%clk 0:09:27]} Nb7 {[%clk 0:16:57]} 28. bxc6 {[%clk 0:06:19]} Bxc6
{[%clk 0:17:09]} 29. Bb5 {[%clk 0:06:32]} Nd8 {[%clk 0:15:58]} 30. Nf3
{[%clk 0:05:28]} Qd7 {[%clk 0:09:14]} 31. Bxc6 {[%clk 0:04:36]} Qxc6
{[%clk 0:08:53]} 32. a5 {[%clk 0:01:44]} Qb5 {[%clk 0:09:05]} 33. Ng5
{[%clk 0:00:45]} Bxg5 {[%clk 0:04:07]} 34. Qxg5 {[%clk 0:01:12]} Nf7
{[%clk 0:04:15]} 35. Qe3 {[%clk 0:01:30]} bxa5 {[%clk 0:04:38]} 36. Qc3
{[%clk 0:00:55]} a4 {[%clk 0:04:07]} 37. Na5 {[%clk 0:01:13]} Kg7
{[%clk 0:02:05]} 38. c6 {[%clk 0:01:22]} Nd6 {[%clk 0:02:28]} 39. c7
{[%clk 0:01:39]} Nc8 {[%clk 0:02:04]} 40. Nc6 {[%clk 0:00:37]} Qc4
{[%clk 0:01:38]} 41. Qxc4 {[%clk 0:24:59]} dxc4 {[%clk 0:31:46]} 42. Nb4
{[%clk 0:25:08]} Kf7 {[%clk 0:29:52]} 43. Kf3 {[%clk 0:24:05]} Ke6
{[%clk 0:29:44]} 44. Kf4 {[%clk 0:23:50]} a5 {[%clk 0:22:33]} 45. Nc2
{[%clk 0:22:26]} h6 {[%clk 0:17:35]} 46. Na3 {[%clk 0:19:09]} c3 {[%clk 0:17:29]}
47. Ke3 {[%clk 0:19:16]} Kd7 {[%clk 0:17:00]} 48. Nb5 {[%clk 0:13:28]} c2
{[%clk 0:15:02]} 49. Kd2 {[%clk 0:13:37]} Kc6 {[%clk 0:15:21]} 50. Nc3
{[%clk 0:13:33]} Kxc7 {[%clk 0:15:40]} 51. Nxa4 {[%clk 0:13:22]} Nd6
{[%clk 0:15:12]} 52. Kxc2 {[%clk 0:07:35]} Ne4 {[%clk 0:15:21]} 53. Kd3
{[%clk 0:07:10]} Kc6 {[%clk 0:15:08]} 54. Kc4 {[%clk 0:06:23]} Nd6+
{[%clk 0:10:12]} 55. Kd3 {[%clk 0:06:12]} Kb5 {[%clk 0:09:18]} 56. Nc3+
{[%clk 0:05:53]} Kb4 {[%clk 0:09:44]} 57. d5 {[%clk 0:04:25]} Kc5
{[%clk 0:09:14]} 58. f3 {[%clk 0:04:16]} Nb5 {[%clk 0:08:52]} 59. Ne2
{[%clk 0:03:41]} g5 {[%clk 0:04:18]} 60. hxg5 {[%clk 0:04:10]} hxg5
{[%clk 0:04:42]} 61. Ng1 {[%clk 0:02:30]} a4 {[%clk 0:05:04]} 62. Nh3
{[%clk 0:02:44]} a3 {[%clk 0:02:14]} 63. Kc2 {[%clk 0:02:06]} Kc4
{[%clk 0:02:23]} 64. Nxg5 {[%clk 0:00:38]} Nd4+ {[%clk 0:02:43]} 65. Kb1
{[%clk 0:00:55]} Kb3 {[%clk 0:02:58]}  0-1

[Event "European Senior Team Championship 2021"]
[Site "Don Giovanni hotel, Vinohradska 2733, Prague, Czech Republic"]
[Date "2021.09.03"]
[Round "5"]
[Board "2"]
[White "Kalinitschew, Sergey"]
[Black "Hugentobler, Patrick"]
[Result "1-0"]
[WhiteElo "2434"]
[BlackElo "2168"]
[PlyCount "0"]
[EventDate "2021.08.30"]
[EventType "team"]
[EventRounds "9"]
[EventCountry "ECX"]
[WhiteTeam "LASKER SCHACHSTIFTUNG GK"]
[BlackTeam "SWITZERLAND"]

1. e4 {[%clk 1:30:52]} e6 {[%clk 1:30:49]} 2. d4 {[%clk 1:30:54]} d5
{[%clk 1:31:13]} 3. Nd2 {[%clk 1:31:16]} a6 {[%clk 1:31:33]} 4. Bd3
{[%clk 1:30:49]} c5 {[%clk 1:31:51]} 5. dxc5 {[%clk 1:31:06]} Bxc5
{[%clk 1:32:07]} 6. Ngf3 {[%clk 1:31:27]} Nf6 {[%clk 1:31:50]} 7. Qe2
{[%clk 1:31:42]} Nc6 {[%clk 1:32:07]} 8. c3 {[%clk 1:31:00]} Qc7 {[%clk 1:32:23]}
9. O-O {[%clk 1:31:18]} Ba7 {[%clk 1:30:32]} 10. a4 {[%clk 1:26:35]} Bd7
{[%clk 1:23:44]} 11. exd5 {[%clk 1:22:02]} Nxd5 {[%clk 1:24:01]} 12. Nc4
{[%clk 1:21:47]} Nf4 {[%clk 1:14:36]} 13. Bxf4 {[%clk 1:22:10]} Qxf4
{[%clk 1:15:01]} 14. Rfd1 {[%clk 1:17:42]} Rd8 {[%clk 1:11:26]} 15. b4
{[%clk 1:17:06]} Bb8 {[%clk 1:05:15]} 16. b5 {[%clk 1:15:50]} axb5
{[%clk 1:03:40]} 17. axb5 {[%clk 1:16:12]} Ne7 {[%clk 1:03:27]} 18. Nce5
{[%clk 1:00:09]} Bxe5 {[%clk 0:41:39]} 19. Nxe5 {[%clk 0:49:48]} Bc8
{[%clk 0:40:05]} 20. g3 {[%clk 0:36:21]} Qf6 {[%clk 0:39:51]} 21. c4
{[%clk 0:32:19]} Nf5 {[%clk 0:34:41]} 22. Bxf5 {[%clk 0:30:54]} Rxd1+
{[%clk 0:34:43]} 23. Rxd1 {[%clk 0:28:43]} Qxf5 {[%clk 0:35:04]} 24. c5 f6 25.
Nd3 {[%clk 0:16:27]} O-O {[%clk 0:34:38]} 26. Qc2 {[%clk 0:09:12]} e5
{[%clk 0:19:11]} 27. c6 {[%clk 0:04:54]} bxc6 {[%clk 0:19:27]} 28. Qxc6
{[%clk 0:05:18]} Bd7 {[%clk 0:12:27]} 29. Qd5+ {[%clk 0:05:44]} Be6
{[%clk 0:12:40]} 30. Qd6 {[%clk 0:06:13]} Bb3 {[%clk 0:11:56]} 31. Rc1
{[%clk 0:05:02]} e4 {[%clk 0:10:53]} 32. Nc5 {[%clk 0:05:05]} e3 {[%clk 0:09:56]}
33. fxe3 {[%clk 0:05:15]} Qf3 {[%clk 0:10:14]} 34. Qf4 {[%clk 0:04:49]} Qd5
{[%clk 0:10:00]} 35. Nxb3 {[%clk 0:05:12]} Qxb3 {[%clk 0:10:21]} 36. Qc4+
{[%clk 0:05:37]} Qxc4 {[%clk 0:10:38]} 37. Rxc4 {[%clk 0:06:05]} Rb8
{[%clk 0:10:33]} 38. Rb4 {[%clk 0:06:27]} Kf7 {[%clk 0:07:54]} 39. Kf2
{[%clk 0:06:49]} Ke6 {[%clk 0:08:12]} 40. Kf3 {[%clk 0:07:14]} Kd5
{[%clk 0:07:47]} 41. Kf4 {[%clk 0:07:16]} Kc5 {[%clk 0:07:29]} 42. Rb1
{[%clk 0:06:05]} Rxb5 {[%clk 0:30:23]} 43. Rxb5+ {[%clk 0:36:15]} Kxb5
{[%clk 0:30:50]} 44. Kf5 {[%clk 0:36:23]} Kc4 {[%clk 0:31:13]} 45. Ke6
{[%clk 0:36:47]} Kd3 {[%clk 0:31:37]} 46. Kf7 {[%clk 0:37:12]} Kxe3
{[%clk 0:32:02]} 47. Kxg7 {[%clk 0:37:39]} Kf3 {[%clk 0:32:24]} 48. Kxf6
{[%clk 0:37:48]} Kg2 {[%clk 0:32:43]} 49. h4 {[%clk 0:38:14]}  1-0

[Event "European Senior Team Championship 2021"]
[Site "Don Giovanni hotel, Vinohradska 2733, Prague, Czech Republic"]
[Date "2021.09.03"]
[Round "5"]
[Board "3"]
[White "Vucenovic, Dragomir"]
[Black "Meister, Jakob"]
[Result "0-1"]
[WhiteElo "2161"]
[BlackElo "2416"]
[PlyCount "0"]
[EventDate "2021.08.30"]
[EventType "team"]
[EventRounds "9"]
[EventCountry "ECX"]
[WhiteTeam "SWITZERLAND"]
[BlackTeam "LASKER SCHACHSTIFTUNG GK"]

1. d4 {[%clk 1:30:56]} d5 {[%clk 1:30:59]} 2. Nf3 {[%clk 1:31:10]} Nf6
{[%clk 1:31:21]} 3. g3 {[%clk 1:31:28]} g6 {[%clk 1:31:43]} 4. Bg2
{[%clk 1:31:41]} Bg7 {[%clk 1:32:10]} 5. O-O {[%clk 1:31:39]} O-O
{[%clk 1:32:35]} 6. Bf4 {[%clk 1:30:35]} c6 {[%clk 1:32:21]} 7. c3
{[%clk 1:29:59]} Nh5 {[%clk 1:31:50]} 8. Bxb8 {[%clk 1:27:19]} Rxb8
{[%clk 1:31:44]} 9. Nbd2 {[%clk 1:27:38]} Nf6 {[%clk 1:31:34]} 10. Ne5
{[%clk 1:25:52]} Qc7 {[%clk 1:30:35]} 11. b4 {[%clk 1:23:58]} Ne8
{[%clk 1:28:30]} 12. Nd3 {[%clk 1:20:39]} Nd6 {[%clk 1:27:32]} 13. Re1
{[%clk 1:19:54]} a5 {[%clk 1:22:27]} 14. a3 {[%clk 1:17:47]} Ra8 {[%clk 1:17:49]}
15. Nb3 {[%clk 1:10:58]} axb4 {[%clk 1:13:08]} 16. axb4 {[%clk 1:11:14]} Bf5
{[%clk 1:13:24]} 17. Qd2 {[%clk 0:56:34]} Rfe8 {[%clk 1:03:50]} 18. Rxa8
{[%clk 0:47:59]} Rxa8 {[%clk 1:04:03]} 19. Ra1 {[%clk 0:47:14]} Rxa1+
{[%clk 1:01:35]} 20. Nxa1 {[%clk 0:47:43]} Qb8 {[%clk 1:01:47]} 21. Nc2
{[%clk 0:38:29]} Qa7 {[%clk 1:01:27]} 22. Ne3 {[%clk 0:38:10]} Bc8
{[%clk 0:57:26]} 23. Qb2 {[%clk 0:35:22]} h5 {[%clk 0:55:08]} 24. h4
{[%clk 0:30:44]} Bh6 {[%clk 0:54:57]} 25. f4 {[%clk 0:29:24]} Bg7
{[%clk 0:54:32]} 26. Kh2 {[%clk 0:27:19]} Nb5 {[%clk 0:51:42]} 27. Nc5
{[%clk 0:20:48]} Nd6 {[%clk 0:45:50]} 28. Nd3 {[%clk 0:18:17]} Kh7
{[%clk 0:44:40]} 29. Ne5 {[%clk 0:11:34]} Kg8 {[%clk 0:43:02]} 30. Nd3
{[%clk 0:10:02]} Kf8 {[%clk 0:38:22]} 31. Nc5 {[%clk 0:08:42]} Ke8
{[%clk 0:37:44]} 32. Nd3 {[%clk 0:08:45]} Nb5 {[%clk 0:37:43]} 33. Nc5
{[%clk 0:07:41]} Kd8 {[%clk 0:31:14]} 34. Bh3 {[%clk 0:04:04]} Bxh3
{[%clk 0:30:34]} 35. Kxh3 e6 {[%clk 0:28:30]} 36. g4 {[%clk 0:03:38]} hxg4+
{[%clk 0:28:13]} 37. Nxg4 {[%clk 0:04:05]} Nd6 {[%clk 0:26:48]} 38. Nf2
{[%clk 0:03:15]} b6 {[%clk 0:24:57]} 39. Nb3 {[%clk 0:02:01]} Nf5
{[%clk 0:23:16]} 40. e4 {[%clk 0:01:02]} dxe4 {[%clk 0:23:21]} 41. Nxe4
{[%clk 0:01:24]} Qa6 {[%clk 0:23:43]} 42. Qa1 {[%clk 0:18:21]} Qd3+
{[%clk 0:51:14]} 43. Kh2 {[%clk 0:18:30]} Qxe4 {[%clk 0:51:11]}  0-1